| 000 | 00417nam a2200157Ia 4500 | ||
|---|---|---|---|
| 008 | 240729s9999 xx 000 0 und d | ||
| 022 | _a2624-800X | ||
| 245 | 0 | _aJournal of Cybersecurity and Privacy | |
| 260 | _aSwitzerland | ||
| 260 | _bMDPI AG | ||
| 650 | _a Technology (General) | ||
| 650 | _aTechnology | ||
| 856 | _uhttps://doaj.org/toc/76c7142c57c740db9204ca23bf489082 | ||
| 942 | _2ddc | ||
| 942 | _cDOAJEJ | ||
| 999 |
_c71936 _d71936 |
||
| 945 |
_a1 _bMadushi Gamage _c1 _dMadushi Gamage |
||